000 00242nam a2200097Ia 4500
001 800191
005 20250826171015.0
008 250824s9999 xx 000 0 und d
245 0 _aSermayem Yok Derdimden Başka
_cSerdar TUNCER
260 _bketebe
999 _c800191
_d800191